Detekcia zmien charakteristík režimu odtoku

Salvato in:
Dettagli Bibliografici
Autore principale: Sabová, Zuzana (Autore)
Altri autori: Kohnová, Silvia (Relatore della tesi)
Natura: Manoscritto Libro
Lingua:slovacco
Pubblicazione: 2024
Soggetti:
Accesso online:http://is.stuba.sk/zp/portal_zp.pl?podrobnosti=165653
Tags: Aggiungi Tag
Nessun Tag, puoi essere il primo ad aggiungerne!!

MARC

LEADER 00000ntm a22000003a 4500
001 stuzp82130
003 SK-STU
005 20240824210434.1
007 ta
008 150427s2015----xo-----f-mn---000-0-slo-d
040 |a STU  |b slo 
041 0 |a slo 
100 1 |a Sabová, Zuzana  |u 010160  |4 aut  |U SvF Stavebná fakulta  |T SvF Katedra vodného hospodárstva krajiny  |X 64039  |U V160  |Y 16  |7 64039 
242 0 1 |a Detection of runoff regime changes  |y eng 
245 1 0 |a Detekcia zmien charakteristík režimu odtoku 
260 |c 2024 
650 4 |a klimatická zmena  |2 slo 
650 4 |a priemerné mesačné prietoky  |2 slo 
650 4 |a regionálna typizácia  |2 slo 
650 4 |a PCA metóda  |2 slo 
650 4 |a K-means  |2 slo 
650 4 |a IHA  |2 slo 
650 4 |a climate change  |2 eng 
650 4 |a IHA  |2 eng 
650 4 |a PCA method  |2 eng 
650 4 |a K-means  |2 eng 
650 4 |a average monthly discharges  |2 eng 
650 4 |a regional typification  |2 eng 
700 1 |a Kohnová, Silvia  |u 010160  |k Z1  |4 ths  |U SvF Stavebná fakulta  |T SvF Katedra vodného hospodárstva krajiny  |X 2746  |U V160  |Y 16  |7 A000002746 
856 4 |u http://is.stuba.sk/zp/portal_zp.pl?podrobnosti=165653